Regulación del sueldo en el código del trabajo: implicancias prácticas de la ley Nº 20.281

Αποθηκεύτηκε σε:
Λεπτομέρειες βιβλιογραφικής εγγραφής
Κύριος συγγραφέας: Fariña Quezada, Lautaro (Συγγραφέας)
Μορφή: Βιβλίο
Γλώσσα:Ισπανικά
Έκδοση: Santiago Legal Publishing 2009
Έκδοση:1a. ed
Θέματα:
Ετικέτες: Προσθήκη ετικέτας
Δεν υπάρχουν, Καταχωρήστε ετικέτα πρώτοι!

MARC

LEADER 00000nam a2200000 a 4500
001 UCG1093
003 CL-VaPUC
008 100422e20090000CL |||||||||||||||||spa|d
020 |a 9789562388573 
082 0 4 |a 344.01  |b FAR  |2 21 
100 0 |a Fariña Quezada, Lautaro  |e author  |9 548848 
245 1 0 |a Regulación del sueldo en el código del trabajo: implicancias prácticas de la ley Nº 20.281 
250 |a 1a. ed 
300 |a 149 p 
942 |c BK 
945 |d 20100422 00:00:00  |a rbrito 
260 |a Santiago  |b Legal Publishing  |c 2009 
650 7 |a DERECHO LABORAL  |2 CL-VaPUC  |9 15 
650 7 |a REMUNERACIONES  |2 CL-VaPUC  |9 371777 
650 0 |a Código del trabajo  |9 255479 
650 7 |a SUELDO  |2 CL-VaPUC  |9 548849 
650 7 |a JORNADA DE TRABAJO  |2 CL-VaPUC  |9 388087 
650 7 |a CONTRATO DE TRABAJO  |2 CL-VaPUC  |9 548850 
583 |a last modification  |c 20170803 12:35:03  |k Rodrigo Vera 
999 |c 340546  |d 340544 
952 |0 0  |1 0  |4 0  |6 344_010000000000000_FAR_2009  |7 0  |8 A  |9 435363  |a BIBDER  |b BIBDER  |d 2019-11-22  |i 4663306  |o 344.01 FAR 2009  |p 4663306  |r 2023-01-25  |w 2019-11-22  |y BK  |k DER